Shambhala. : The resplendent. /
Uložené v:
| Hlavný autor: | |
|---|---|
| Médium: | Kniha |
| Jazyk: | English |
| Vydané: |
B.m. :
B.n.,
1928
|
| Vydanie: | 1. vyd. |
| Témy: | |
| ISBN: |
(brož.) |
| Fyzický popis: |
33 s. |
| Tagy: |
Pridať tag
Žiadne tagy, Buďte prvý kto otaguje tento záznam!
|
Titul je dostupný aj v ... 

MARC
| LEADER | 00000nam a2200000 a 4500 | ||
|---|---|---|---|
| 001 | 000063243 | ||
| 003 | SVKK | ||
| 005 | 19991014000000.0 | ||
| 008 | 990921s1928 cs e engo | ||
| 020 | |a (brož.) | ||
| 040 | |a SVKKK |b slo |c SVKKK |e AACR2 | ||
| 041 | 0 | |a eng | |
| 044 | |a cs |c CS | ||
| 080 | |a 13 |2 1997 | ||
| 100 | 1 | |a Roerich, Nicholas |4 aut | |
| 245 | 1 | 0 | |a Shambhala. : |b The resplendent. / |c Nicholas Roerich |
| 250 | |a 1. vyd. | ||
| 260 | |a B.m. : |b B.n., |c 1928 | ||
| 300 | |a 33 s. | ||
| 653 | 0 | |a náuky duchovné |2 SVKKKPH | |
| 653 | 0 | |a Shambala |2 SVKKKPH | |
| 655 | 7 | |a monografie |2 SVKKKPH | |
| 910 | |a svkkk | ||
| 974 | |a MI |d 19991014 | ||
| 974 | |a KL |d 19991014 | ||
| 974 | |a MI |d 19991014 | ||
| 998 | |a BK | ||
| 090 | |g SCKHL |k Sklad Pribinova 2. posch. |a III.184342 |j 927688 |i 2720435703 |s Prezenčne | ||